| 000 | 01058nam a22002175i 4500 | ||
|---|---|---|---|
| 001 | 154397 | ||
| 003 | ES-MaACL | ||
| 005 | 20230906205717.0 | ||
| 008 | 960510s1891 sp |||| | spa d | ||
| 040 |
_aCLM _bspa _cCLM |
||
| 100 | 1 |
_aGómez, Juan Gualberto. _957774 |
|
| 245 | 1 | 3 |
_aLa isla de Puerto-Rico _b: (primera parte) bosquejo histórico (desde la conquista hasta principios de 1891) / _cpor Juan Gualberto Gómez y Antonio Sendras y Burin. |
| 260 |
_aMadrid : _b[s.n.], _c1891 ( _fimprenta de José Gil y Navarro) |
||
| 300 |
_a[6], 199, [9] p. ; _c21 cm. |
||
| 530 | _aDisponible en formato digital. | ||
| 597 | _aAntep. | ||
| 651 | 4 |
_aPuerto Rico- _xHistoria- _y1511-1898, Época colonial. _9155352 |
|
| 700 | 2 | 1 |
_aSendras y Burin, Antonio. _9132645 |
| 852 |
_aES-MaACL _jT-809-F-2 _z-- Enc. hol., conservando la cub. original _z-- Enc. varias obras en un vol. facticio _x-- Edic.: según Palau, aunque en port. conste "primera parte" es única |
||
| 856 |
_uhttp://bdh-rd.bne.es/viewer.vm?id=0000078173&page=1 _zBiblioteca Digital Hispánica |
||
| 999 |
_c154397 _d154397 |
||